| 000 | 00757nam a2200241Ia 4500 | ||
|---|---|---|---|
| 003 | OSt | ||
| 005 | 20220923213808.0 | ||
| 006 | a|||||r|||| 00| 0 | ||
| 007 | ta | ||
| 008 | 220922b |||||||| |||| 00| 0 hin d | ||
| 024 | _a164,604 | ||
| 037 | _cTextual | ||
| 040 |
_aARTS _cARTS _bhin |
||
| 041 |
_2hin _ahin |
||
| 082 | _aO152,2N26,AY:g, L3 | ||
| 100 | _aवर्मा, हरिश्चन्द्र | ||
| 245 | 0 |
_aअन्धा युग _b एक विवेचन |
|
| 246 | _aAndhā yuga: ek vivechana | ||
| 260 | _c1973 | ||
| 650 |
_aहिन्दी साहित्य _9156264 |
||
| 942 |
_hO152,2N26,AY:g, L3 _cTEXL _2CC |
||
| 999 |
_c319083 _d319083 |
||